000 00549nam a2200229Ia 4500
003 OSt
005 20220918203428.0
006 a|||||r|||| 00| 0
007 ta
008 220917b |||||||| |||| 00| 0 eng d
024 _a108,232
037 _cTextual
040 _aARTS
_cARTS
_beng
041 _2eng
_aeng
082 _aV44Q7z7, K2
100 _aRashid K A
_976513
245 0 _aHistorical disserations
260 _c1962
650 _aHISTORY
942 _hV44Q7z7, K2
_cTEXL
_2CC
999 _c231586
_d231586